[Event "Zlin Region-chT 2324"]
[Site "Czech Republic"]
[Date "2024.03.03"]
[Round "9.1"]
[White "Richvalsky, Patrik"]
[Black "Vecera, Dominik"]
[Result "1-0"]
[WhiteElo "2089"]
[BlackElo "2065"]
[PlyCount "65"]
[EventDate "2023.10.22"]
[EventType "team-tourn"]
[EventRounds "11"]
[EventCountry "CZE"]
[SourceTitle "EXT 2025"]
[Source "ChessBase"]
[SourceDate "2024.10.14"]
[SourceVersion "1"]
[SourceVersionDate "2024.10.14"]
[SourceQuality "1"]
[WhiteTeam "Zlin Malenovice"]
[BlackTeam "Postoupky Sokol"]
[WhiteTeamCountry "CZE"]
[BlackTeamCountry "CZE"]

1. d4 Nf6 2. c4 g6 3. Nc3 Bg7 4. e4 d6 5. Nf3 0-0 6. Be2 c5 7. 0-0 Nc6 8. d5 Na5 9. h3 e5 10. a3 b6 11. b4 Nb7 12. Ne1 Kh8 13. Nd3 Ng8 14. Rb1 f5 15. Bf3 f4 16. Bd2 Bf6 17. Bg4 h5 18. Bxc8 Qxc8 19. bxc5 Nxc5 20. Nxc5 Qxc5 21. Nb5 a5 22. Rb3 Bh4 23. Qe2 Nf6 24. a4 Rf7 25. Bc1 Ne8 26. Ba3 Qc8 27. Nxd6 Nxd6 28. Bxd6 Qe8 29. Rxb6 f3 30. Qb2 Be7 31. Rb8 Rxb8 32. Qxb8 Qxb8 33. Bxb8 1-0

[Event "Zlin Region-chT 2324"]
[Site "Czech Republic"]
[Date "2024.01.21"]
[Round "6.1"]
[White "Bosak, Jan"]
[Black "Richvalsky, Patrik"]
[Result "1/2-1/2"]
[WhiteElo "2054"]
[BlackElo "2089"]
[PlyCount "98"]
[EventDate "2023.10.22"]
[EventType "team-tourn"]
[EventRounds "11"]
[EventCountry "CZE"]
[SourceTitle "EXT 2025"]
[Source "ChessBase"]
[SourceDate "2024.10.14"]
[SourceVersion "1"]
[SourceVersionDate "2024.10.14"]
[SourceQuality "1"]
[WhiteTeam "Valasska Bystrice Sokol"]
[BlackTeam "Zlin Malenovice"]
[WhiteTeamCountry "CZE"]
[BlackTeamCountry "CZE"]

1. e4 e6 2. d4 d5 3. Nd2 a6 4. Ngf3 c5 5. exd5 exd5 6. Be2 Nf6 7. 0-0 Bd6 8. dxc5 Bxc5 9. Nb3 Bb6 10. Bg5 0-0 11. Bxf6 Qxf6 12. Qxd5 Qxb2 13. Bd3 Nc6 14. Qe4 g6 15. Qh4 Kg7 16. Rfe1 Bd8 17. Qg3 Bf6 18. h4 a5 19. a4 Nb4 20. Rab1 Qa2 21. Nc5 Nxd3 22. cxd3 Kg8 23. Ne5 Bg7 24. d4 Qd5 25. Qf3 Qxd4 26. Ned3 Qxh4 27. Nxb7 Bxb7 28. Rxb7 Qxa4 29. Rxf7 Rxf7 30. Qxa8+ Rf8 31. Qd5+ Kh8 32. Re4 Qd1+ 33. Kh2 Qh5+ 34. Qxh5 gxh5 35. f4 Bc3 36. Kg3 Rg8+ 37. Kf3 h4 38. Nc5 Rg3+ 39. Kf2 Kg8 40. Ra4 Rg7 41. Rc4 Bb2 42. Nd3 Rb7 43. Nxb2 Rxb2+ 44. Kf3 Rb4 45. Rc7 a4 46. Ra7 h5 47. Ra5 Rb3+ 48. Kf2 a3 49. Rxh5 a2 1/2-1/2

[Event "Prostejov op"]
[Site "Prostejov"]
[Date "2023.12.29"]
[Round "4"]
[White "Kapusta, Petr"]
[Black "Richvalsky, Patrik"]
[Result "1/2-1/2"]
[WhiteElo "2067"]
[BlackElo "2089"]
[PlyCount "103"]
[EventDate "2023.12.28"]
[EventType "swiss"]
[EventRounds "7"]
[EventCountry "CZE"]
[SourceTitle "CBM 218 Extra"]
[Source "ChessBase"]
[SourceDate "2024.03.31"]
[SourceVersion "1"]
[SourceVersionDate "2024.03.31"]
[SourceQuality "1"]

1. e4 e6 2. d4 d5 3. Nd2 a6 4. Bd3 c5 5. c3 Nc6 6. Ne2 cxd4 7. cxd4 dxe4 8. Nxe4 Bb4+ 9. N4c3 Nf6 10. a3 Be7 11. 0-0 0-0 12. Bg5 Nd5 13. Bxe7 Ncxe7 14. Nxd5 Nxd5 15. Nc3 Nf6 16. Rc1 Bd7 17. b4 Bc6 18. Bb1 Qb6 19. Qd3 Rfd8 20. Rfd1 e5 21. d5 Bxd5 22. Qf5 Bc6 23. g4 Rd4 24. Rxd4 Qxd4 25. g5 Bd7 26. Qd3 Qxd3 27. Bxd3 Ne8 28. Nd5 Kf8 29. Re1 Bc6 30. Rxe5 Rd8 31. Bc4 Nd6 32. Bb3 Nb5 33. Ne7 Nxa3 34. Nxc6 bxc6 35. Ra5 Nb1 36. Rxa6 Nd2 37. Ba2 Rd4 38. h3 Nf3+ 39. Kg2 Nxg5 40. Rxc6 Rxb4 41. Bc4 Ke7 42. Rc5 Kf6 43. Bd3 g6 44. Rc6+ Ne6 45. Bc4 Rb7 46. Bxe6 fxe6 47. Ra6 g5 48. Ra8 Rg7 49. Rf8+ Ke5 50. Kg3 Ke4 51. f3+ Ke5 52. Kg4 1/2-1/2

[Event "Prostejov op"]
[Site "Prostejov"]
[Date "2023.12.29"]
[Round "5"]
[White "Zavurka, Roman"]
[Black "Richvalsky, Patrik"]
[Result "0-1"]
[WhiteElo "2140"]
[BlackElo "2089"]
[PlyCount "96"]
[EventDate "2023.12.28"]
[EventType "swiss"]
[EventRounds "7"]
[EventCountry "CZE"]
[SourceTitle "CBM 218 Extra"]
[Source "ChessBase"]
[SourceDate "2024.03.31"]
[SourceVersion "1"]
[SourceVersionDate "2024.03.31"]
[SourceQuality "1"]

1. d4 d5 2. Nf3 Nf6 3. e3 e6 4. Bd3 c5 5. c3 b6 6. 0-0 Bb7 7. Nbd2 Nbd7 8. Qe2 Ne4 9. Ne5 Bd6 10. Nxe4 dxe4 11. Bb5 Bxe5 12. dxe5 Qc7 13. Bxd7+ Qxd7 14. b4 Qa4 15. Qd1 Qb5 16. a4 Qc4 17. bxc5 Ba6 18. Re1 Rd8 19. Qg4 0-0 20. cxb6 axb6 21. Ba3 Rfe8 22. Bb4 Rd5 23. Qg3 Qc7 24. Rad1 Bd3 25. f4 Ra8 26. Ra1 Qd7 27. Qh4 Ra7 28. Bd6 Bc4 29. Rab1 b5 30. axb5 Rxb5 31. Rxb5 Bxb5 32. Rb1 h6 33. Qf2 Bd3 34. Rb8+ Kh7 35. h3 Ra1+ 36. Kh2 Qa4 37. f5 Rf1 38. Qd2 Rxf5 39. Qc1 Rf2 40. Rb2 Rf1 41. Qd2 Qa5 42. Ra2 Qd8 43. Rb2 h5 44. c4 h4 45. Rc2 Qg5 46. g4 hxg3+ 47. Kg2 Rf2+ 48. Qxf2 gxf2+ 0-1

[Event "Jesenik op-A"]
[Site "Jesenik"]
[Date "2023.08.27"]
[Round "9"]
[White "Richvalsky, Patrik"]
[Black "Mudrak, Josef"]
[Result "0-1"]
[WhiteElo "2075"]
[BlackElo "2216"]
[PlyCount "136"]
[EventDate "2023.08.19"]
[EventType "swiss"]
[EventRounds "9"]
[EventCountry "CZE"]
[SourceTitle "CBM 216 Extra"]
[Source "ChessBase"]
[SourceDate "2023.11.30"]
[SourceVersion "1"]
[SourceVersionDate "2023.11.30"]
[SourceQuality "1"]

1. d4 Nf6 2. c4 d6 3. Nf3 Nbd7 4. Nc3 e5 5. e4 Be7 6. Be2 0-0 7. 0-0 c6 8. Qc2 a6 9. Rd1 Qc7 10. Be3 Re8 11. h3 exd4 12. Nxd4 Bf8 13. f4 b6 14. Bf3 Bb7 15. Nf5 g6 16. Ng3 Rac8 17. Qf2 b5 18. cxb5 axb5 19. b4 Qb8 20. a4 bxa4 21. Rxa4 c5 22. Rb1 cxb4 23. Raxb4 Rxc3 24. Rxb7 Qc8 25. Kh2 Rc2 26. Qf1 h5 27. Qb5 h4 28. Ne2 Nc5 29. Bxc5 Rxc5 30. Qb3 Rc7 31. Rb8 Qxb8 32. Qxb8 Rec8 33. Qxc7 Rxc7 34. Rb8 Rc4 35. e5 dxe5 36. fxe5 Nd7 37. Re8 Nxe5 38. Kg1 Nxf3+ 39. gxf3 Kg7 40. Kg2 Bd6 41. Re4 Rc2 42. Kf1 g5 43. f4 f5 44. Rd4 Bc5 45. Rd7+ Kf6 46. fxg5+ Kxg5 47. Rg7+ Kf6 48. Rh7 Rc4 49. Rh8 Ra4 50. Re8 Be7 51. Kg2 Ra3 52. Rc8 Re3 53. Rc2 Bd6 54. Ra2 Be5 55. Rc2 f4 56. Ng1 Rg3+ 57. Kh1 Kf5 58. Rg2 Ra3 59. Rg4 Bf6 60. Kg2 Be7 61. Nf3 Ra2+ 62. Kf1 Ke4 63. Nxh4 Bxh4 64. Rxh4 Ke3 65. Rh8 Ra1+ 66. Kg2 f3+ 67. Kg3 Rg1+ 68. Kh2 f2 0-1

[Event "Jesenik op-A"]
[Site "Jesenik"]
[Date "2023.08.26"]
[Round "8"]
[White "Kuchar, Matej"]
[Black "Richvalsky, Patrik"]
[Result "0-1"]
[WhiteElo "2053"]
[BlackElo "2075"]
[PlyCount "138"]
[EventDate "2023.08.19"]
[EventType "swiss"]
[EventRounds "9"]
[EventCountry "CZE"]
[SourceTitle "CBM 216 Extra"]
[Source "ChessBase"]
[SourceDate "2023.11.30"]
[SourceVersion "1"]
[SourceVersionDate "2023.11.30"]
[SourceQuality "1"]

1. e4 e6 2. d4 d5 3. Nd2 a6 4. Ngf3 c5 5. dxc5 Bxc5 6. Nb3 Bb6 7. exd5 exd5 8. h3 Nf6 9. Be2 0-0 10. 0-0 Nc6 11. c3 Re8 12. Nfd4 Ne5 13. Bg5 h6 14. Bf4 Ne4 15. Be3 Bc7 16. Nd2 Qd6 17. N2f3 Nxf3+ 18. Nxf3 Ng3 19. Re1 Nxe2+ 20. Rxe2 Bf5 21. Rd2 Be4 22. g3 Qg6 23. Nh4 Qe6 24. Qg4 g5 25. Qxe6 Rxe6 26. Ng2 f5 27. h4 g4 28. Nf4 Bxf4 29. Bxf4 h5 30. Rd4 Rc8 31. Re1 Rc4 32. Rxc4 dxc4 33. Be3 Kf7 34. Rd1 Bd3 35. a4 Rd6 36. f3 gxf3 37. Kf2 Ke6 38. a5 Rd5 39. Bb6 Re5 40. Re1 Re2+ 41. Rxe2+ fxe2 42. Ke1 Kd5 43. Bd8 Kc5 44. Be7+ Kb5 45. Bb4 Ka4 46. Kd2 Kb5 47. Ke1 b6 48. axb6 Kxb6 49. Bd6 Kb5 50. g4 fxg4 51. Bg3 Kc5 52. Kd2 Kd5 53. Ke3 Ke6 54. Kd4 Kf5 55. Ke3 Kf6 56. Kd4 Ke6 57. Ke3 Kd5 58. Bf2 Kc6 59. Kd2 Kb5 60. Kc1 Ka4 61. Bg3 Kb3 62. Bf2 a5 63. Bg3 a4 64. Be1 Bf5 65. Bg3 a3 66. bxa3 Kxc3 67. a4 Bc8 68. a5 Kd3 69. Bf2 Ba6 0-1

[Event "Jesenik op-A"]
[Site "Jesenik"]
[Date "2023.08.25"]
[Round "7"]
[White "Richvalsky, Patrik"]
[Black "Gawlas, Roman"]
[Result "1/2-1/2"]
[WhiteElo "2075"]
[BlackElo "2070"]
[PlyCount "85"]
[EventDate "2023.08.19"]
[EventType "swiss"]
[EventRounds "9"]
[EventCountry "CZE"]
[SourceTitle "CBM 216 Extra"]
[Source "ChessBase"]
[SourceDate "2023.11.30"]
[SourceVersion "1"]
[SourceVersionDate "2023.11.30"]
[SourceQuality "1"]

1. d4 d5 2. c4 e6 3. Nf3 c5 4. cxd5 exd5 5. g3 Nf6 6. Bg2 Nc6 7. 0-0 Be7 8. Nc3 0-0 9. Bf4 h6 10. dxc5 Bxc5 11. Ne5 Re8 12. Nxc6 bxc6 13. Na4 Bf8 14. Rc1 Ba6 15. Re1 Bb4 16. Bd2 Qa5 17. Bxb4 Qxb4 18. a3 Qa5 19. b4 Qc7 20. Nc5 Bc4 21. Nb3 Bxb3 22. Qxb3 Qb6 23. Rc5 a5 24. Qc2 axb4 25. Rxc6 b3 26. Rxb6 bxc2 27. Rc6 Rec8 28. Rxc8+ Rxc8 29. Rc1 Ne4 30. Bxe4 dxe4 31. Kf1 f5 32. Ke1 Rc3 33. a4 Rc4 34. a5 Ra4 35. Rxc2 Rxa5 36. Kd2 Kf7 37. Ke3 Kg6 38. h3 Kf6 39. Rc6+ Ke5 40. f4+ exf3 41. Kxf3 Ra3+ 42. Kf2 f4 43. gxf4+ 1/2-1/2

[Event "CZE-chT2F 2223"]
[Site "Czech Republic"]
[Date "2023.03.26"]
[Round "11"]
[White "Slavinsky, Rostislav"]
[Black "Richvalsky, Patrik"]
[Result "1/2-1/2"]
[WhiteElo "1932"]
[BlackElo "2059"]
[PlyCount "79"]
[EventDate "2022.10.16"]
[EventType "team-tourn"]
[EventRounds "11"]
[EventCountry "CZE"]
[SourceTitle "EXT 2024"]
[Source "ChessBase"]
[SourceDate "2023.10.10"]
[SourceVersion "1"]
[SourceVersionDate "2023.10.10"]
[SourceQuality "1"]
[WhiteTeam "Koprivnice Tatra"]
[BlackTeam "Hostalkova II"]
[WhiteTeamCountry "CZE"]
[BlackTeamCountry "CZE"]

1. Nf3 Nf6 2. g3 d5 3. Bg2 e6 4. 0-0 Be7 5. c4 0-0 6. d4 c6 7. Nc3 b6 8. Ne5 Bb7 9. e3 Nbd7 10. f4 Rc8 11. cxd5 cxd5 12. Qd3 Nb8 13. Rf2 a5 14. Bd2 Ba6 15. Qb1 b5 16. a4 b4 17. Nb5 Qb6 18. Qd3 Nc6 19. Rc1 Na7 20. Bf1 Rxc1 21. Bxc1 Rc8 22. Rc2 Rxc2 23. Qxc2 Nxb5 24. axb5 Bb7 25. b3 Bd6 26. Bd3 g6 27. h3 Bxe5 28. fxe5 Ne4 29. Bxe4 dxe4 30. Qc5 Qd8 31. b6 Qd5 32. Qc7 Kg7 33. Qe7 h5 34. Bd2 Qc6 35. Qf6+ Kg8 36. Qd8+ Kg7 37. Qf6+ Kf8 38. Qd8+ Qe8 39. Qf6 Qc6 40. Qd8+ 1/2-1/2

[Event "Pardubice Czech op-B 32nd"]
[Site "Pardubice"]
[Date "2021.07.28"]
[Round "6"]
[White "Jezbera, Jiri"]
[Black "Richvalsky, Patrik"]
[Result "1-0"]
[WhiteElo "2141"]
[BlackElo "1989"]
[PlyCount "81"]
[EventDate "2021.07.24"]
[EventType "swiss"]
[EventRounds "9"]
[EventCountry "CZE"]
[SourceTitle "EXT 2022"]
[Source "ChessBase"]
[SourceDate "2021.10.06"]
[SourceVersion "1"]
[SourceVersionDate "2021.10.06"]
[SourceQuality "1"]

1. e4 e6 2. d4 d5 3. e5 c5 4. c3 Nc6 5. Nf3 Bd7 6. a3 f6 7. Bd3 Qc7 8. 0-0 0-0-0 9. Bf4 c4 10. Be2 h6 11. g4 Nge7 12. Bg3 f5 13. gxf5 Nxf5 14. Nh4 Nce7 15. Nxf5 Nxf5 16. Nd2 Kb8 17. Bg4 g6 18. b4 Be7 19. Bxf5 gxf5 20. Kh1 Rdg8 21. Rg1 Rg6 22. Bf4 Bg5 23. h4 Be8 24. hxg5 hxg5+ 25. Bh2 Rgh6 26. Rg2 Qh7 27. Nf1 Bh5 28. f3 g4 29. Qd2 gxf3 30. Rg3 Bg4 31. Ra2 Bh3 32. Rxf3 f4 33. Qxf4 Qb1 34. Rd2 Qc1 35. Rdf2 Qe1 36. Kg1 Bf5 37. Re3 Qc1 38. Rg3 Qd1 39. Qd2 Qh5 40. Qg5 Qd1 41. Qe7 1-0

[Event "Pardubice Czech op-B 32nd"]
[Site "Pardubice"]
[Date "2021.07.26"]
[Round "4"]
[White "Thenhausen, Dirk"]
[Black "Richvalsky, Patrik"]
[Result "1/2-1/2"]
[WhiteElo "1993"]
[BlackElo "1989"]
[PlyCount "89"]
[EventDate "2021.07.24"]
[EventType "swiss"]
[EventRounds "9"]
[EventCountry "CZE"]
[SourceTitle "EXT 2022"]
[Source "ChessBase"]
[SourceDate "2021.10.06"]
[SourceVersion "1"]
[SourceVersionDate "2021.10.06"]
[SourceQuality "1"]

1. e4 e6 2. d4 d5 3. Nc3 Bb4 4. f3 c5 5. exd5 Qh4+ 6. g3 Qxd4 7. Bb5+ Bd7 8. Qxd4 cxd4 9. Bxd7+ Nxd7 10. dxe6 fxe6 11. a3 Ba5 12. b4 dxc3 13. bxa5 Ne7 14. Rb1 b6 15. Be3 Nd5 16. Bd4 Kf7 17. Ne2 Rhc8 18. Rb3 Rc4 19. 0-0 Nc5 20. Bxc5 Rxc5 21. axb6 axb6 22. Rd1 Ra4 23. Rd3 Rac4 24. Nf4 Nxf4 25. gxf4 b5 26. Rd7+ Kf6 27. Rb7 Rd4 28. R7xb5 Rxb5 29. Rxb5 Rd2 30. Rc5 Rxc2 31. a4 Ra2 32. Rxc3 Rxa4 33. Kf2 Rxf4 34. Kg3 Rd4 35. Rc7 Rd1 36. h4 Rg1+ 37. Kf2 Rd1 38. Kg3 Rd5 39. Ra7 Rf5 40. Rb7 Kg6 41. Re7 Kf6 42. Ra7 Rc5 43. Rb7 Rc1 44. Kg2 Rd1 45. Ra7 1/2-1/2